000 00259nam a2200097Ia 4500
082 _a158.1 DEBO
245 0 _aHow to have a beautiful mind
100 _a DE BONO, Edward London, 2004
_974978
942 _cBK
008 210817s9999 xx 000 0 und d
999 _c247536
_d247535